| 000 | 00324nam a22001337a 4500 | ||
|---|---|---|---|
| 020 | _a8122419046 | ||
| 082 |
_222 _a628.114 |
||
| 100 | _aRaghunath, H. M. | ||
| 245 | _aGround water / | ||
| 250 | _a3rd. | ||
| 260 |
_aNew Delhi, _bNew Age International, _cc2007. |
||
| 300 |
_a504 p. ; _bill. ; _c18 cm. |
||
| 942 |
_2ddc _cCIVIL _01 |
||
| 999 |
_c976 _d976 |
||